Estudio bibliográfico sobre: Distrosión armónica producida por convertidores estáticos. Análisis, problemática, soluciones y normativa

Gorde:
Xehetasun bibliografikoak
Egile nagusia: Zamora Belver, Ma. Inmaculada
Beste egile batzuk: Macho Stadler, valentin
Formatua: Liburua
Hizkuntza:Spanish
Argitaratua: [Bilbao, España]: IBERDROLA 1997
Gaiak:
Etiketak: Etiketa erantsi
Etiketarik gabe, Izan zaitez lehena erregistro honi etiketa jartzen!

MARC

LEADER 00000nam a2200000Ia 4500
003 003391
005 20221231144014.0
008 140114s1997 sp a 000 ||spa d
040 |c cru CEDI 
082 |a 621.313.7 Z25b 
100 |a Zamora Belver, Ma. Inmaculada  |9 21884 
245 |a Estudio bibliográfico sobre:  |b Distrosión armónica producida por convertidores estáticos. Análisis, problemática, soluciones y normativa  
260 |a [Bilbao, España]: IBERDROLA  |c 1997 
300 |a ii,136 páginas :ilustraciones  
500 |a A la cabeza de la portada Escuela Técnica Superior de Ingenieros Industriales y de Ingenieros de Telecomunicación de Bilbao (UPV/EHU) 
650 |x ENERGIA ELECTRICA  |x REDES ELECTRICAS   |x CONVERTIDORES DE CORRIENTE ELECTRICA  |9 21886 
700 |9 21885  |a Macho Stadler, valentin 
942 |2 ddc  |c BK 
999 |c 15488  |d 15488